Score 0/24 Timer 03:00
3 Plays Today
Question Answer Wrong Answers
Bob's Burgers Fox
81.2%
ABC
4.1%
CBS
4.9%
NBC
3.2%
60 Minutes CBS
78.8%
ABC
7%
NBC
5.7%
Fox
2%
The X-Files Fox
78%
ABC
4.3%
CBS
6.1%
NBC
5%
The Today Show NBC
72.8%
ABC
9.6%
CBS
9.6%
Fox
1.6%
Survivor CBS
70.8%
ABC
9.5%
NBC
6.7%
Fox
6.5%
Glee Fox
70.8%
ABC
10%
CBS
4.2%
NBC
8.7%
Empire Fox
70.8%
ABC
9.7%
CBS
5.8%
NBC
6.9%
Will & Grace NBC
69.9%
ABC
9.8%
CBS
10.5%
Fox
3.3%
The Voice NBC
66.7%
ABC
10.3%
CBS
5.2%
Fox
11.7%
Black-ish ABC
65.3%
CBS
7.9%
NBC
9.6%
Fox
10.6%
Murder, She Wrote CBS
64.7%
ABC
15%
NBC
9.4%
Fox
3.9%
The Good Wife CBS
61.4%
ABC
18.8%
NBC
9.4%
Fox
4%
3rd Rock from the Sun NBC
61.2%
ABC
11.5%
CBS
11.6%
Fox
8.6%
Mom CBS
60.9%
ABC
14%
NBC
9.8%
Fox
8.3%
All My Children ABC
60.7%
CBS
18.4%
NBC
10.8%
Fox
3%
Party of Five Fox
56.5%
ABC
14.9%
CBS
10.9%
NBC
10.7%
Happy Days ABC
55.3%
CBS
18.1%
NBC
16.4%
Fox
3.4%
Ally McBeal Fox
54.7%
ABC
15.6%
CBS
12.2%
NBC
10.6%
Shark Tank ABC
54%
CBS
9%
NBC
20.6%
Fox
9.6%
Agents of S.H.I.E.L.D. ABC
53.8%
CBS
9.4%
NBC
9.2%
Fox
20.9%
All in the Family CBS
53%
ABC
23.4%
NBC
13.1%
Fox
3.4%
The Blacklist NBC
51.4%
ABC
16.3%
CBS
16.8%
Fox
8.8%
Moonlighting ABC
47.2%
CBS
22.5%
NBC
16.3%
Fox
6.8%
Hill Street Blues NBC
45.5%
ABC
20.6%
CBS
19.1%
Fox
7.7%
Come Together.
Have Fun.
All Virtual.
We all need to come together. Play Sporcle's virtual live trivia to have fun, connect with people, and get your trivia on. Join a live hosted trivia game for your favorite pub trivia experience done virtually. If a virtual private party is more your thing, go here for details.

You're not logged in!

Compare scores with friends on all Sporcle quizzes.
OR
Log In

Sporcle TV

Today on Sporcle TV


Watch our educational content, quiz creation guides, and fun videos on Sporcle TV.

Show Comments

Extras

Top Quizzes Today


Score Distribution

Paid Content

Your Account Isn't Verified!

In order to create a playlist on Sporcle, you need to verify the email address you used during registration. Go to your Sporcle Settings to finish the process.

Report this User

Report this user for behavior that violates our Community Guidelines.

Details: